• 首页
  • 本馆介绍
  • 公告通知
  • 最新文献
  • 馆藏检索
  • 电子资源
  • 读者导购
  • 参考咨询
  • 我的图书馆
  • 登录
  • 详细信息显示
  • 放入我的书架
  • 预约/预借图书
  • 作者相关作品
  • 分类相关作品
  • 丛书相关作品
  • 出版社相关作品

书目信息

  • 表格格式
  • 工作单格式
  • 卡片格式
题名:
叙事艺术逻辑引论
    
 
作者: 董小英 著
分册:  
出版信息: 北京   社会科学文献出版社  1997
页数: 340页
开本: 20cm
丛书名:
单 册:
中图分类: I0-02 , B81
科图分类: 42.2031
主题词: 逻辑-应用-文艺理论 , 文艺理论-逻辑-应用 , DISPLAY逻辑
电子资源:
ISBN: 7-80050-903-6
000 00681nam0 2200253 45
001 0938537585
005 20090928104414.01
010    @a7-80050-903-6@dCNY22.00
100    @a19980115d1997 emky0chiy0121 ea
101 0  @achi
102    @aCN@b110000
105    @ay z 000yy
200 10 @a叙事艺术逻辑引论@Axu shi yi shu luo ji yin lun@f董小英著
210    @a北京@c社会科学文献出版社@d1997
215    @a340页@d20cm
606 0  @a逻辑-应用-文艺理论
606 0  @a文艺理论-逻辑-应用
606 0  @aDISPLAY逻辑
690    @aI0-02@v3
690    @aB81@v4
692    @a42.2031@v2
701  0 @a董小英@Adong xiao ying@4著
801  0 @aCN@bTSSF@c19980210
905    @a10447@dB81@eJY35
    
    叙事艺术逻辑引论/董小英著.-北京:社会科学文献出版社,1997
    340页;20cm
    
    
    ISBN 7-80050-903-6:CNY22.00
    
●
相关链接 在E读中查询图书 在五车中查询图书 在当当中查询图书 在豆瓣中查询图书


正题名:叙事艺术逻辑引论     索取号:B81/JY35         预约/预借

序号 登录号 条形码 馆藏地/架位号 状态 备注
1 7804985   278049853   学院路分馆/ [索取号:B81/JY35] 在馆    
2 7804986   278049862   学院路分馆/ [索取号:B81/JY35] 在馆    
3 7804987   278049871   学院路分馆/ [索取号:B81/JY35] 在馆    
唐山师范学院图书馆 欢迎您!
大连网信软件有限公司© 版权所有